| 000 | 00477pab a2200169 454500 | ||
|---|---|---|---|
| 008 | 180718b2010 xxu||||| |||| 00| 0 eng d | ||
| 100 | _aRode, Sanjay | ||
| 245 | _aSafe and sustainable drinking water supply: innovation ideas are lagging behind in India | ||
| 260 | _c2010 | ||
| 300 | _ap.133-148. | ||
| 362 | _aJul-Dec | ||
| 650 | _aDrinking water - India | ||
| 650 | _aWater supply - India | ||
| 650 | _aDrinking water | ||
| 773 | _aMan and Society | ||
| 909 | _a110160 | ||
| 999 |
_c110155 _d110155 |
||